| 000 | 00709nam a22001937a 4500 | ||
|---|---|---|---|
| 999 |
_c371637 _d371637 |
||
| 008 | 201127b ||||| |||| 00| 0 eng d | ||
| 040 |
_aDE-2950 _bger _cDE-2950 _erda |
||
| 041 | _ager | ||
| 245 |
_aSchon mehr als 1 700 Unterschriften. _bRegionalbahn: die Forderung nach einem Bahnhalt in Booßen erfährt große Unterstützung - auch von der Stadtpolitik/ _cthg |
||
| 264 | _c2022 | ||
| 653 | _aFrankfurt (Oder) | ||
| 653 | _aBooßen | ||
| 653 | _aBahnhalt | ||
| 773 |
_dFrankfurt (Oder) Märkisches Verlags- und Druckhaus GmbH & Co KG _tMärkische Oderzeitung _g33. Jahrgang (2022) Nr. 120 vom 24.05.2022, S. 15 |
||
| 942 | _cA | ||